000 01678cam a22004574i 4500
003 PE-LiUPU
005 20250731173250.0
008 150616s r 000 0 d
035 _a(Sirsi) a3554
040 _aPE-LiUPU
_bspa
_cPE-LiUPU
_erda
049 _aPRUA
082 0 4 _a260
_bT85
_221
100 1 _aTurner, J. Clyde,
_eautor.
245 1 3 _aLa doctrina neotestamentaria de la iglesia.
264 1 _aTexas :
_bCasa Bautista de Publicaciónes,
_c19 0.
300 _a122 páginas ;
_c18 cm.
336 _atext
_2rdacontent
337 _aunmediated
_2rdamedia
338 _avolume
_2rdacarrier
504 _aNotas Bibliograficas.
505 0 _aEl comienzo de la iglesia -- El crecimiento de la igesia -- La naturaleza de la iglesia -- El gobierno de la iglesia -- Los oficiales de la iglesia -- Las ordenanzas de la iglesia -- El culto de la iglesia -- La obra de la iglesia -- El triunfo de la iglesia.
526 _aSEG42
526 _aSEG41
526 _aSEG40
526 _aSEG39
526 _aP94
526 _aP87
526 _aP86
526 _aP85
526 _aP77
526 _aP76
526 _aP35
650 0 4 _aIglesia
_xHistoria
_yEpoca cristiana.
910 _ajck
_bjvq
_cjck
942 _2ddc
_cBOOK
949 _a260 T85
_wDEWEY
_c1
_i02211
_lCCODEBUL1
_mBUL
_p00.00
_r0
_sY
_tBOOK
_u2015-04-23
_xTEOLOGIA
_zUNKNOWN
_0COMPRA
_o.STAFF. Colección General
994 _aC0
_bPEPRU
596 _a1
999 _a260 T85
_wDEWEY
_c43515
_i02211
_f2021-11-12
_g5
_lCCODEBUL1
_mBUL
_r0
_sY
_tBOOK
_u2015-4-23
_xTEOLOGIA
_zUNKNOWN
_0COMPRA
_o.STAFF. Colección General
_d43515
980 _81
_gALBERTO SANCHEZ Responsable de Automatización